000 01255cam a2200361 a 4500
001 17202193
003 OSt
005 20140310182855.0
008 120308s1999 ph l 000 0 eng
010 _a 2011308653
020 _a9710861271
040 _aDLC
_cDLC
_dDLC
042 _alcode
_apcc
043 _aa-ph---
050 0 0 _aKPM 1214
_b.N793 1999
082 _aFIL 331
_bL11 1999
110 1 _aPhilippines.
_9436
240 1 0 _aLabor Code of the Philippines
245 1 4 _aThe Labor Code of the Philippines
_bWith implementing regulations, related law and other issuances
_ccompiled and edited by Nolledo, Jose N.
250 _a1999 rev. ed.
260 _aManila
_bNational Book Store
_cc1999
300 _axxviii, 1788 p.
_c22 cm.
500 _a"2000 reprint with supplement (amendments to rules of procedure on page 1765, Dept. Order no. 07 and Wage Order no. NCR-08)."
521 _aCollege Students
526 _c1210L to 1700L
541 _j1
562 _eFor Circulation. 1 Copy Available in the Collection
650 0 _aLabor laws and legislation
_zPhilippines.
_9437
700 1 _aNolledo, Jose N.
_9438
906 _a7
_bcbc
_corigode
_d2
_encip
_f20
_gy-gencatlg
942 _2lcc
_cBK
_kFIL
999 _c17027
_d17027